<?xml version='1.0' encoding='UTF-8'?>
  <record xmlns="http://www.loc.gov/MARC21/slim">
    <leader>00000cem a22000007i 4500</leader>
    <controlfield tag="001">ocn931919161</controlfield>
    <controlfield tag="003">OCoLC</controlfield>
    <controlfield tag="005">20250503012015.1</controlfield>
    <controlfield tag="007">au cuuun</controlfield>
    <controlfield tag="008">150904s1560    it        u     0   und d</controlfield>
    <datafield tag="040" ind1=" " ind2=" ">
      <subfield code="a">NLGGC</subfield>
      <subfield code="b">dut</subfield>
      <subfield code="e">fobidrtb</subfield>
      <subfield code="c">NLGGC</subfield>
      <subfield code="d">QGJ</subfield>
      <subfield code="d">OCLCO</subfield>
      <subfield code="d">OCLCL</subfield>
      <subfield code="d">OCLCQ</subfield>
    </datafield>
    <datafield tag="035" ind1=" " ind2=" ">
      <subfield code="a">(OCoLC)931919161</subfield>
    </datafield>
    <datafield tag="100" ind1="1" ind2=" ">
      <subfield code="a">Mercator, Gerard,</subfield>
      <subfield code="d">1512-1594.</subfield>
      <subfield code="1">https://id.oclc.org/worldcat/entity/E39PBJqk4qXjPhGVbmFrVQVwG3</subfield>
    </datafield>
    <datafield tag="245" ind1="1" ind2="0">
      <subfield code="a">'Mappamonde, double cordiforme' /</subfield>
      <subfield code="c">G. Mercator.</subfield>
    </datafield>
    <datafield tag="260" ind1=" " ind2=" ">
      <subfield code="a">Roma :</subfield>
      <subfield code="b">Ant. Lafreri,</subfield>
      <subfield code="c">[ca. 1560]</subfield>
    </datafield>
    <datafield tag="300" ind1=" " ind2=" ">
      <subfield code="a">1 krt. :</subfield>
      <subfield code="b">kopergravure, ongekleurd. ;</subfield>
      <subfield code="c">53 x 35 cm.</subfield>
    </datafield>
    <datafield tag="336" ind1=" " ind2=" ">
      <subfield code="a">cartografische afbeelding</subfield>
      <subfield code="b">cri</subfield>
      <subfield code="2">rdacontent/dut</subfield>
    </datafield>
    <datafield tag="337" ind1=" " ind2=" ">
      <subfield code="a">zonder medium</subfield>
      <subfield code="b">n</subfield>
      <subfield code="2">rdamedia/dut</subfield>
    </datafield>
    <datafield tag="338" ind1=" " ind2=" ">
      <subfield code="a">vel</subfield>
      <subfield code="b">nb</subfield>
      <subfield code="2">rdacarrier/dut</subfield>
    </datafield>
    <datafield tag="500" ind1=" " ind2=" ">
      <subfield code="a">Gerard Mercator gaf in 1538 een wereldkaart uit in een zgn. dubbel-hartvormige projectie, welke in Italië nagegraveerd werd en door Antonio Lafreri uit Rome omstreeks 1560 op de markt gebracht.</subfield>
    </datafield>
    <datafield tag="500" ind1=" " ind2=" ">
      <subfield code="a">Zie: 'Toonneel des Aerdrijcx', nr. 1; Nordenskiöld, A.E., Facsimile-Atlas [...]. Stockholm, 1889 (herdruk: New York, 1973). Met verkleinde facsimile's van de kaarten van Orontius Finaeus (nr. XLI(2)), Mercator (XLIII) en Lafreri (afb. 54); Schilder, G., The cartographical relationships between Italy and the Low Countries in the sixteenth century. In: 'The Map Collector' 17 (1981), p. 2-8. Tooley, R.V., Maps in Italian atlases of the sixteenth century. In: 'Imago Mundi' III (1939), p. 12-47.</subfield>
    </datafield>
    <datafield tag="655" ind1=" " ind2="7">
      <subfield code="a">Kaarten (vorm)</subfield>
      <subfield code="0">(NL-LeOCL)088143554.</subfield>
      <subfield code="2">gtt</subfield>
    </datafield>
    <datafield tag="856" ind1="4" ind2="1">
      <subfield code="u">http://objects.library.uu.nl/reader/resolver.php?obj=002029004&amp;type=2</subfield>
      <subfield code="x">Online</subfield>
      <subfield code="z">Full text</subfield>
    </datafield>
    <datafield tag="936" ind1=" " ind2=" ">
      <subfield code="a">BATCHLOAD</subfield>
    </datafield>
  </record>